|
|
|
|
| LEADER |
00000naa2a2200000 4500 |
| 001 |
225374 |
| 005 |
20240723143418.0 |
| 035 |
|
|
|a (RuTPU)RU\TPU\book\245717
|
| 035 |
|
|
|a RU\TPU\book\245716
|
| 090 |
|
|
|a 225374
|
| 100 |
|
|
|a 20121109d2000 k y0rusy50 ca
|
| 101 |
0 |
|
|a rus
|
| 102 |
|
|
|a RU
|
| 200 |
1 |
|
|a Нафталиновые углеводороды нефтей нижней юры и палеозоя Томской области
|f И. В. Гончаров, С. В. Носова, Н. В. Вяткина
|
| 463 |
|
0 |
|0 (RuTPU)RU\TPU\book\23095
|y 5-93629-052-2
|t Химия нефти и газа
|o материалы IV международной конференции 2-6 октября 2000, Томск
|f Российская академия наук (РАН), Сибирское отделение (СО) , Институт химии нефти (ИХН)
|h Том 1
|v С. 207-209
|d 2000
|p 608 с.
|
| 610 |
1 |
|
|a труды учёных ТПУ
|
| 700 |
|
1 |
|a Гончаров
|b И. В.
|c геолог
|c профессор Томского политехнического университета, доктор геолого-минералогических наук
|f 1947-
|g Иван Васильевич
|3 (RuTPU)RU\TPU\pers\21956
|9 9275
|
| 701 |
|
1 |
|a Носова
|b С. В.
|
| 701 |
|
1 |
|a Вяткина
|b Н. В.
|
| 801 |
|
1 |
|a RU
|b 63413507
|c 20121109
|
| 801 |
|
2 |
|a RU
|b 63413507
|c 20121109
|g RCR
|
| 942 |
|
|
|c BK
|